Normal view
MARC view
- Telecommunication transmission system
Entry Topical Term
001 - CONTROL NUMBER
- control field: 127402
003 - CONTROL NUMBER IDENTIFIER
- control field: NUST
005 - DATE AND TIME OF LATEST TRANSACTION
- control field: 20250108100011.0
008 - FIXED-LENGTH DATA ELEMENTS
- fixed length control field: 250108|| aca||aabn | a|a d
040 ## - CATALOGING SOURCE
- Original cataloging agency: NUST
- Transcribing agency: NUST
150 ## - HEADING--TOPICAL TERM
- Topical term or geographic name entry element: Telecommunication transmission system
670 ## - SOURCE DATA FOUND
- Source citation: Work cat.: (NUST): Robert G. Winch 127401, Telecommunication transmission system , 1993.
